Mi vida con el lama : [por el gato siamés] Fifí Bigotes Grises G.S.P. /

Uloženo v:
Podrobná bibliografie
Hlavní autor: Rampa, Tuesday Lobsang (autor)
Médium: Kniha
Jazyk:španělština
Vydáno: Buenos Aires, Argentina : Troquel, 1968, c1963
Vydání:9a edición
Témata:
Tagy: Přidat tag
Žádné tagy, Buďte první, kdo vytvoří štítek k tomuto záznamu!

MARC

LEADER 00000nam^a2200000^a^4500
001 000292866
005 20250521000000.0
009 20260526135040.563
037 |a Acervo Xavier Clavigero 
041 |a ESP 
082 |a 294. 3923  |b RAM 
100 |a Rampa, Tuesday Lobsang  |e (autor) 
245 1 0 |a Mi vida con el lama :  |b [por el gato siamés] Fifí Bigotes Grises G.S.P. /  |c T.L. Rampa ; tr. por Estanislao de Dobrzynski. 
250 |a 9a edición 
264 4 |a Buenos Aires, Argentina :  |b Troquel,  |c 1968, c1963 
300 |a 251 p. 
336 |a texto  |b txt  |2 rdacontenido 
337 |a sin mediación  |b n  |2 rdamedio 
338 |a volumen  |b nc  |2 rdasoporte 
500 |a Traducción de: Living with the Lama 
649 |a XX 
650 |a Budismo Tibetano -  |x Tema Principal 
650 |a Filosofías Orientales -  |z Tíbet 
650 |a Filosofías Orientales 
650 |a Parapsicología 
650 |a Religión 
910 |a Fondo General 
920 |a Impresos - Libros 
930 |a Colección General 
905 |a 101 
901 |a 010697  |b IT1  |c ACC  |i 906699  |u 20250521 
902 |a https://opac.biblio.iteso.mx/vufind/Record/000292866